1473 1557 1574 1675 1753 1249 1292 1686 1886 1386 1508 1000 1821 1586 1935 1420 1394 1577 1543 1213 1914 1917 1807 1371 1998 1763 1270 1018 1963 1224 1888 1305 1621 1249 1133 1460 1925 1251 1980 1424 1379 1483 1951 1741 1105 1811 1608 1274 1999 1393 1987 1179 1229 1643 1053 1185 1253 1082 1169 1117 1788 1268 1044 1625 1065 1176 1870 1964 1787 1307 1673 1273 1161 1130 1178 1607 1175 1362 1416 1263 1003 1535 1795 1973 1105 1421 1773 1705 1049 1266 1083 1194 1747 1479 1543 1646 1182 1420 1679 BCNSPRNW ULIB Ver.6.0+V

เปลี่ยนเป็นภาษาไทย

Change to English
 แสดงรายละเอียดบรรณานุกรม
  กลับหน้าหลัก

Brief Record : Get Marc (ISO 2709) : E-mail record : QR code < ปิดหน้าต่าง
LEADER : 00000nam 2200000uu 4500
001    13399114404
003     ULIB
008    110725s||||||||th 000 0 tha d
020    9789744963529
050 04 H62^bส824ส
100 0  สุปัญญา ไชยชาญ
245 10 สยบมารงานวิจัย /^cสุปัญญา ไชยชาญ
250    พิมพ์ครั้งที่ 1
260    กรุงเทพฯ :^bพี.เอ.ลีฟวิ่ง,^c2554
300    368 หน้า
650  7 วิจัย
945    ^p200^l0^i031496
945    ^p200^l0^i031497
995    ทศพร
999 ^a ทศพร
รายการนี้ยังไม่มีแท็ก
คุณยังไม่ได้ล็อกอิน คุณสามารถมีกิจกรรมร่วมกับเว็บไซต์ได้ แต่ต้องล็อกอินก่อน ::
  ล็อกอิน

รายการสื่อสารสนเทศ

ลำดับที่ ประเภท เลขเรียก/บาร์โค้ด สถานที่ สถานะ
- ไม่พบข้อมูล -

รายการใกล้เคียง
    ผู้แต่ง [สุปัญญา ไชยชาญ]

    หัวเรื่อง [วิจัย]

BibComment


ยังไม่เคยถูกคอมเมนท์

คอมเมนท์ทรัพยากรรายการนี้
  คอมเมนท์: สยบมารงานวิจัย ส..


 Copyright 2026. Bcnsprnw @Library